[Event "Altensteig-A"]
[Site "Altensteig"]
[Date "1993.??.??"]
[Round "10"]
[White "Bischoff, Klaus"]
[Black "Almasi, Zoltan"]
[Result "1/2-1/2"]
[WhiteElo "2515"]
[BlackElo "2580"]
[Annotator "Dautov,R"]
[PlyCount "88"]
[EventDate "1993.07.07"]
[EventType "tourn"]
[EventRounds "11"]
[EventCountry "GER"]
[EventCategory "12"]
[SourceTitle "CBM 037"]
[Source "ChessBase"]
[SourceDate "1993.12.01"]
[SourceVersion "1"]
[SourceVersionDate "1993.12.01"]
[SourceQuality "1"]

1. Nf3 {Hansen,Cu} (1. e4 c5 2. Nf3 d6 3. d4 cxd4 4. Nxd4 Nf6 5. Nc3 a6 6. f4
Nbd7 7. Be2 g6 8. O-O Bg7 9. Kh1 O-O 10. Bf3 Qc7 11. a4 Re8 12. Nb3 Rb8 13. a5
e6 14. Be3 b5 15. axb6 Nxb6 16. Na5 {1/2-1/2 Almasi,Z-Boensch,U/Altensteig (11)
1993}) 1... Nf6 2. c4 e6 3. d4 b6 4. g3 Bb7 5. Bg2 Be7 6. Nc3 Ne4 7. Bd2 f5 8.
O-O O-O 9. d5 Bf6 10. Rc1 Na6 11. Be1 Bxc3 (11... Nac5 12. Nd4 Qe7 $132 (12...
Nxc3 13. Bxc3 a5 14. Qc2 g6 15. Nb3 Na4 $2 16. Nxa5 $16 {Martin-From,S/
Guernsey/1987/}) (12... a5 13. Nxe4 (13. b3 c6 14. Nxe4 fxe4 15. dxc6 dxc6 16.
Bc3 $14 {Vyzmanavin,A-Gruenfeld,Y/Manila OL/1992/}) 13... fxe4 14. dxe6 (14.
Nb3 Nxb3 15. axb3 e3 $13 {Fauland,A-Landenbergue,C/Leukerbad ch/1992/}) 14...
Bxd4 15. Qxd4 Nxe6 16. Qe3 $16 {Sorin,A-Steingrimsson,H/Biel op/1992/ +
Petursson,M-Plaskett,J/Reykjavik/1992/})) (11... exd5 12. cxd5 c5 13. Nxe4 fxe4
14. Nd2 e3 15. fxe3 Bxb2 16. Qb3 Bxc1 17. d6+ $13) (11... Qe7 {Hansen,Cu} 12.
Nd4 Nac5 13. Nxe4 (13. Ndb5 {Hansen,Cu} a6 14. Nxc7 Bxc3 15. Bxc3 Rac8 16. b4
Rxc7 17. bxc5 Nxc3 18. Rxc3 Rxc5 $10 {Browne,W-Dzindzichashvili,R/Amsterdam/
1978/}) (13. b4 Nxc3 14. Rxc3 Ne4 15. Rd3 a5 16. a3 Rfd8 $10 {Rajkovic,
D-Rozentalis,E/BL/1992/}) (13. Nb3 a5 14. Nxc5 Nxc5 15. Qc2 d6 16. e4 $6 f4 $15
{Gausel,E-Tiviakov,S/Gausdal AC/1993/}) 13... Nxe4 14. f3 Ng5 (14... Bxd4+ 15.
Qxd4 Qc5 16. Qxc5 Nxc5 17. b4 $14 {Stern,R-Schwing,HE/Baden-Baden open/1991/})
(14... Nc5 15. b4 Na6 16. Nc2 $14 {Kishnev,S-Moutousis,K/Dortmund op/1992/})
15. Bf2 c5 16. dxc6 dxc6 17. Qb3 c5 $10 {Ftacnik,L-Tukmakov,V/Moskva/1985/ +
Illescas Cordoba,M-Ehlvest/Terrassa/1992/}) 12. Bxc3 Nxc3 13. Rxc3 Nc5 14. Nd2
(14. Qd4 {Hansen,Cu} a5 15. Rd1 d6 16. dxe6 Nxe6 17. Qh4 Qxh4 18. Nxh4 Bxg2 19.
Nxg2 $10 {Appel,R-Stoering,V/2.BLW/1993/}) (14. Ne1 {Hansen,Cu} Qf6 15. Nd3 Ne4
16. Rc2 exd5 17. cxd5 c5 18. dxc6 dxc6 19. b4 $14 {Huzman,A-Tukmakov,V/USSR/
1986/}) 14... Qf6 15. Nb3 $5 {N} (15. e4 a5 16. exf5 exf5 17. Re1 Rae8 18. Rxe8
Rxe8 19. Nf1 d6 20. Qc2 Bc8 21. Bh3 g6 22. b3 Bd7 23. Re3 $2 Rxe3 24. Nxe3 f4
25. Bxd7 fxe3 26. Ba4 Nd3 $17 {Tukmakov-Anand/Bhilwara/1986}) 15... Nxb3 (15...
e5 $2 16. Nxc5 bxc5 17. Qa4 d6 18. b4 cxb4 19. Qxb4 Bc8 20. Qa5 $16) (15... d6
16. Nxc5 dxc5 17. Re3 $5 (17. Qc2 exd5 18. cxd5 c6 19. dxc6 Bxc6 20. Bxc6 Qxc6
21. b4 Rac8 22. bxc5 bxc5 23. Rc1 $14) 17... Qxb2 18. dxe6 Bxg2 19. Kxg2 Rfd8
20. Qa4 $36) (15... Ne4 $5 16. Bxe4 (16. Rc2 {Hansen,Cu} Rae8 $5 (16... c5 $5)
(16... Rad8 $5)) 16... fxe4 17. Qd4 $1 Qf5 (17... Qxd4 18. Nxd4 exd5 19. cxd5
$16) (17... Rae8 18. Qxf6 Rxf6 19. Nd4 $1 $16) 18. Qe3 $5 (18. Rd1 Rae8 $13)
18... Rf6 19. Nd4 Qh5 $13) 16. Qxb3 d6 (16... e5 $5 17. c5 d6 18. cxb6 cxb6 19.
Rfc1 (19. Rc7 Ba6) 19... e4 $1 20. Rc7 Rac8 21. e3 Rxc7 22. Rxc7 Rf7 $10) 17.
c5 dxc5 (17... e5 $5) 18. dxe6 Bxg2 19. Kxg2 (19. e7+ $2 {Hansen,Cu} Rf7 20.
Kxg2 Qxe7 $17) 19... Rae8 20. Re3 Re7 (20... f4 21. e7+ Rf7 22. Re6 Qf5 23. Rd1
fxg3 24. fxg3 Qf2+ 25. Kh3 Qf5+ 26. g4 Qf2 27. Rd8 Qf1+ 28. Kh4 Qf2+ 29. Qg3
$18) 21. Rd1 f4 22. gxf4 (22. Rf3 {Hansen,Cu} Qxe6 $17) 22... Qxf4 23. f3 Qg5+
(23... c4 $1 24. Qc3 Rfe8 25. Re4 Qg5+ 26. Kh1 (26. Rg4 Qf5 $10) 26... Rxe6 (
26... b5 $5) 27. Qxc4 Qe7 $10) 24. Kh1 h6 25. Rd7 $14 c4 $1 (25... Rfe8 26. Re4
$14) (25... Rfe8 $10 {Hansen,Cu}) 26. Qxc4 (26. Qc3 Rfe8 27. Re4 $14 {>=})
26... c5 $2 (26... Qxe3 27. Rxe7 Qf2 28. Qg4 (28. h4 Qf1+ 29. Kh2 Qf2+ 30. Kh3
Qf1+ 31. Kh2 (31. Kg3 $4 Rxf3+ $19) 31... Qf2+ $10) 28... g5 $10) 27. Qe4 $16
Rfe8 28. Rxe7 Qxe7 29. f4 (29. Qe5 Qf6 30. Qxf6 $2 gxf6 31. Kg2 Kf8 32. Kg3 Ke7
$14) 29... Qf6 30. b3 g6 31. Kg2 Kg7 32. Kg3 Re7 33. Qd5 Qf5 34. Re5 (34. Qxf5
$2 {Hansen,Cu} gxf5 {/\Kf6=}) 34... Qf8 35. e4 (35. e3 $5 {Hansen,Cu /
\Kf3-e2-d2-c2-b1 + e3-e4,f4-f5}) 35... Qf6 36. h4 $18 Qf8 37. h5 $6 (37. a4 Qf6
38. a5 bxa5 39. Qxc5 Rb7 40. Qd5 Qe7 41. h5 gxh5 42. Rf5 $18) (37. Qd6 {
Hansen,Cu} Qf6 38. Qd8 $18 Kh7 39. Kh3 (39. Rd5 $2 Qc3+ (39... Qxe6 40. Re5 Rd7
41. Rxe6 Rxd8 42. Re7+ Kg8 43. h5 $18) 40. Kg4 h5+ 41. Kg5 Qg7 {/\42..Qh6 43.
Kf6 Qg7+ =} 42. Qxe7 Qxe7#) (39. Kg4 Kg7 40. h5 gxh5+ 41. Kh3 Kh7 $16) 39...
Kg7 40. f5 {/\Rd5-d7} gxf5 41. exf5 Qxe5 (41... Kh7 42. Rd5 Qc3+ 43. Rd3 Qf6
44. Qxe7+ $18) 42. Qxe7+ Kg8 43. Qe8+ Kg7 44. Qg6+ Kh8 45. Qxh6+ Kg8 46. Qg5+
$18) 37... Qf6 (37... gxh5 {Hansen,Cu} 38. Rxh5 Qf6 39. Qe5 $18) 38. hxg6 $2 (
38. Qd1 $1 g5 (38... gxh5 39. Qxh5 Rxe6 40. Qg4+ Kf7 41. Rf5 $18) 39. Qg4 Qxf4+
40. Qxf4 gxf4+ 41. Kxf4 Kf6 42. Rf5+ Kxe6 43. Re5+ Kf6 44. Rxe7 Kxe7 45. Ke5
Kd7 46. Kd5 $18) (38. Qd8 $2 {Hansen,Cu} g5 39. Rf5 gxf4+ 40. Rxf4 Qxe6 $13)
38... Qxg6+ 39. Kf3 (39. Kf2 {Hansen,Cu} Qg4 $132) 39... Qg1 $132 40. Qd2 Kh7
$1 {/\Rg7} 41. Qg2 Qd1+ 42. Qe2 (42. Ke3 Qd4+ 43. Ke2 Qb2+ 44. Kf3 Qc3+ $10)
42... Qh1+ $10 43. Qg2 (43. Ke3 $2 Rg7 44. e7 Rg3+ 45. Kd2 Qa1 $19) 43... Qd1+
44. Qe2 Qh1+ 1/2-1/2

[Event "Interzonal-16"]
[Site "Biel"]
[Date "1993.??.??"]
[Round "4"]
[White "Granda Zuniga, Julio E"]
[Black "Abramovic, Bosko"]
[Result "0-1"]
[WhiteElo "2605"]
[BlackElo "2460"]
[Annotator "Dautov,R"]
[PlyCount "112"]
[EventDate "1993.07.16"]
[EventType "swiss"]
[EventRounds "13"]
[EventCountry "SUI"]
[SourceTitle "CBM 037"]
[Source "ChessBase"]
[SourceDate "1993.12.01"]
[SourceVersion "1"]
[SourceVersionDate "1993.12.01"]
[SourceQuality "1"]

1. d4 Nf6 2. Nf3 e6 3. c4 b6 4. g3 Bb7 5. Bg2 Be7 6. O-O O-O 7. Nc3 Ne4 8. Bd2
Bf6 9. Rc1 Nxd2 10. Qxd2 d6 11. e4 Nd7 12. Rfe1 (12. h4 $5 g6 13. d5 e5 14. h5
Bg7 15. Bh3 $14) 12... g6 13. b4 (13. h4 h5 14. d5 e5 15. b4 Bg7 16. Bh3 Qe7
17. a3 Nf6 18. Nh2 Kh7 19. Qb2 Bh6 20. Rc2 Bc8 21. Bxc8 Rfxc8 22. Nf3 Ng4 $10 {
Sahovic-Abramovic/Cetinje/1992}) 13... Bg7 14. a3 Qe7 15. h4 h5 16. Bh3 c5 $5
17. d5 $6 (17. bxc5 $1 bxc5 (17... dxc5 18. d5 Ne5 19. Nxe5 Bxe5 20. f4 Bd4+
21. Kh2 $14) 18. d5 e5 (18... Nb6 $5 19. dxe6 fxe6 20. Ng5 Bh6 21. Nb5 $14) (
18... exd5 19. exd5 $14) 19. Rb1 Nb6 (19... Ba6 20. Nb5 $14) (19... Rfb8 20.
Nb5 $14 a6 $6 21. Nc7 Ra7 22. Qa5) 20. Qa2 $14 {/\a4-a5}) 17... e5 18. Qc2 (18.
bxc5 Nxc5 $15) (18. Bxd7 Qxd7 19. bxc5 bxc5 20. Rb1 Rae8 21. Nb5 Bc8 22. Qa5
Re7 $15 {/\Bh6,f5}) 18... Bh6 19. Rb1 Bc8 $10 20. Kg2 $2 (20. Nd2 Nf6 21. Bf1
Bg4 22. bxc5 bxc5 $10) 20... cxb4 $1 21. axb4 Nf6 $36 {/^c,><c4} 22. Bxc8 Rfxc8
23. Qd3 a6 (23... Qc7 24. Nb5 Qxc4 $2 25. Qxc4 Rxc4 26. Nxd6 Rc2 27. Nxe5 $16)
24. Re2 $6 (24. Na4 {>=} Nd7 (24... Qc7 $2 25. c5 dxc5 26. bxc5 bxc5 27. Nb6
$16) 25. Re2 Rc7 26. Rc2 Rac8 27. c5 bxc5 (27... b5 28. Nb2 dxc5 $4 29. d6 $18)
28. bxc5 Nxc5 29. Nxc5 Rxc5 30. Rxc5 Rxc5 31. Qxa6 $10) 24... Qc7 25. c5 $2 (
25. Na4 $8 Nd7 26. Rc2 (26. Nb2 a5 $15) 26... b5 27. Nb2 a5 28. c5 axb4 29. c6
Nc5 30. Qxb5 Nxe4 31. Qxb4 Nf6 $15 {><d5}) 25... bxc5 26. bxc5 Qxc5 27. Na4 Qa5
$17 28. Ra2 (28. Nb6 Rc3 29. Qxc3 Qxc3 30. Nxa8 Qd3 $17) 28... Nd7 29. Qe2 Qd8
30. Ne1 a5 31. Nc2 Rab8 32. Rxb8 Rxb8 33. Na3 Rb4 34. Nc2 Rb3 35. Na3 Qb8 36.
Nc4 Qb4 37. Qc2 (37. Nab2 Bc1 $17) 37... Rb1 38. Rb2 Rxb2 39. Naxb2 Nb6 40.
Nxb6 Qxb6 41. Qc8+ Bf8 42. Nc4 (42. Na4 Qd4 43. Qc2 Bh6 $17 {/\Bd2}) 42... Qb4
43. f4 $2 (43. Qa6 a4 44. f3 $17 {>=}) 43... exf4 44. gxf4 Qe1 $1 45. Nxd6 Qe2+
46. Kg3 Qe3+ 47. Kg2 Qxf4 $19 48. Ne8 Qxe4+ 49. Kg3 Qe5+ 50. Kf2 a4 51. d6 a3
52. d7 a2 53. Qa8 (53. d8=Q a1=Q $19) 53... Qd4+ 54. Kf3 Qg4+ 55. Kf2 Qxh4+ 56.
Ke2 Qg4+ 0-1

[Event "Moscow International-A"]
[Site "Moscow"]
[Date "1985.04.??"]
[Round "?"]
[White "Ftacnik, Lubomir"]
[Black "Tukmakov, Vladimir B"]
[Result "1/2-1/2"]
[WhiteElo "2545"]
[BlackElo "2570"]
[Annotator "Dolmatov,S"]
[PlyCount "83"]
[EventDate "1985.04.12"]
[EventType "tourn"]
[EventRounds "11"]
[EventCountry "URS"]
[EventCategory "13"]
[SourceTitle "MCL"]
[Source "ChessBase"]
[SourceDate "1999.07.01"]
[SourceVersion "1"]
[SourceVersionDate "1999.07.01"]
[SourceQuality "1"]

1. d4 Nf6 2. c4 e6 3. Nf3 b6 4. g3 Bb7 5. Bg2 Be7 6. O-O O-O 7. Nc3 Ne4 8. Bd2
f5 9. d5 Bf6 10. Rc1 Na6 11. Be1 (11. a3 exd5 12. cxd5 c5 13. dxc6 dxc6 14. Qc2
c5 15. Rfd1 Qe7 $10 {Panno,O-Hjartarson,J/Dubai/1986/ Inf 42/710/}) 11... Nac5
(11... Bxc3 12. Bxc3 Nxc3 13. Rxc3 Nc5 14. Nd2 Qf6 15. e4 $13 {Tukmakov,
V-Anand,V/New Delhi/1986/ Inf 41/627/}) 12. Nd4 Qe7 13. Nxe4 (13. Ndb5 a6 14.
Nxc7 Bxc3 15. Bxc3 Rac8 16. b4 Rxc7 17. bxc5 Nxc3 18. Rxc3 $10 {Browne,
W-Dzindzichashvili,R/Amsterdam/1978/ Inf 26/639/}) 13... Nxe4 14. f3 Ng5 15.
Bf2 c5 $1 16. dxc6 dxc6 17. Qb3 (17. c5 $2 Rfd8 $1 18. Qa4 b5 19. Qb4 a5 20.
Qc3 b4 $17) 17... c5 $15 18. Nb5 Rfd8 19. Rcd1 Bc6 20. a3 (20. h4 $5 Nf7) 20...
Nf7 21. Nc3 {/\ f4} Qb7 22. Rxd8+ (22. h4 $5) 22... Rxd8 23. Rd1 Rxd1+ 24. Nxd1
g5 25. h3 h5 26. Ne3 $17 Bd4 $6 (26... Kg7 $17) 27. Nc2 Be5 28. Ne1 Qc7 29. g4
h4 (29... hxg4 $5 30. hxg4 (30. fxg4 Bxg2 31. Kxg2 Qc6+ 32. Nf3 Bf6 $15) 30...
f4 31. Qc2 Kg7 $17) 30. Qc2 Qd7 31. b4 Bd4 32. e3 Bf6 33. gxf5 exf5 34. bxc5
bxc5 35. Nd3 Qd6 36. e4 $1 fxe4 37. fxe4 Bd4 38. e5 $1 Bxf2+ (38... Nxe5 39.
Nxe5 Bxg2 (39... Bxe5 40. Bxc6 Qxc6 41. Qf5 $10) (39... Qxe5 40. Qg6+) 40. Kxg2
Bxe5 41. Qf5 $10) 39. Nxf2 Nxe5 40. Qf5 Bxg2 41. Qxg5+ Kf7 42. Kxg2 1/2-1/2

[Event "Biel"]
[Site "Biel"]
[Date "1986.07.20"]
[Round "1"]
[White "Polugaevsky, Lev"]
[Black "Greenfeld, Alon"]
[Result "1-0"]
[WhiteElo "2575"]
[BlackElo "2510"]
[Annotator "Dolmatov,S"]
[PlyCount "69"]
[EventDate "1986.07.20"]
[EventType "tourn"]
[EventRounds "11"]
[EventCountry "SUI"]
[EventCategory "12"]
[SourceTitle "MCL"]
[Source "ChessBase"]
[SourceDate "1999.07.01"]
[SourceVersion "1"]
[SourceVersionDate "1999.07.01"]
[SourceQuality "1"]

1. d4 Nf6 2. Nf3 e6 3. c4 b6 4. g3 Ba6 5. b3 Bb4+ 6. Bd2 Be7 7. Nc3 Bb7 8. Bg2
O-O 9. O-O Na6 10. Bc1 Qc8 $6 (10... d5 11. Ne5 c5 12. Bb2 Nc7 13. Rc1 $14 {
Portisch,L-Timman,J/Amsterdam/1984/1/2-1/2/46/}) 11. Bb2 d5 12. Ne5 Re8 (12...
dxc4 13. Nc6 Bd6 14. bxc4 $16) 13. cxd5 exd5 14. Rc1 c5 $2 (14... Bf8 15. Nd3
$14) 15. dxc5 Bxc5 16. Nxd5 Nxd5 17. Bxd5 Bxd5 (17... Rd8 18. Bxb7 Qxb7 19. Qc2
$16) 18. Qxd5 Qf5 19. Qb7 $1 f6 20. Nd3 (20. Qxa6 fxe5 21. b4 $16) 20... Nb4
21. Nxc5 bxc5 22. a3 Rab8 23. Qxa7 Nd5 (23... Nc6 24. Qxc5 Qxc5 25. Rxc5 Rxb3
26. Bxf6 $18) 24. Rxc5 Qe6 (24... Rxb3 25. Qa4 $16) 25. Rc2 Rxb3 26. Qd4 $18
Rbb8 27. Rd1 Rbd8 28. Rcd2 Nb6 29. Qb4 Rxd2 30. Rxd2 Nc4 31. Rc2 Rc8 32. a4 h5
33. h4 Kh8 34. Qb3 Qc6 35. Qb5 1-0

[Event "Keres Memorial-05"]
[Site "Tallinn"]
[Date "1985.03.14"]
[Round "15"]
[White "Gavrikov, Viktor"]
[Black "Ehlvest, Jaan"]
[Result "1-0"]
[WhiteElo "2550"]
[BlackElo "2505"]
[Annotator "Dolmatov,S"]
[PlyCount "73"]
[EventDate "1985.02.21"]
[EventType "tourn"]
[EventRounds "15"]
[EventCountry "URS"]
[EventCategory "9"]
[SourceTitle "MCL"]
[Source "ChessBase"]
[SourceDate "1999.07.01"]
[SourceVersion "1"]
[SourceVersionDate "1999.07.01"]
[SourceQuality "1"]

1. d4 Nf6 2. c4 e6 3. Nf3 b6 4. g3 Bb7 5. Bg2 Be7 6. Nc3 Ne4 7. Bd2 d6 $6 8. d5
Nxd2 9. Nxd2 O-O 10. O-O Kh8 (10... c6 11. Rc1 exd5 12. cxd5 c5 13. f4 Bf6 14.
e3 Na6 15. Nde4 Nc7 $14 {Ehlvest,J-Oll,L/Tallinn/1983/}) 11. f4 c6 12. a3 a6
13. Kh1 cxd5 14. cxd5 Nd7 15. Rc1 (15. dxe6 $5 Bxg2+ 16. Kxg2 fxe6 17. e4 Rc8
18. Qg4 Nc5 19. Rad1 Nd3 20. Qxe6 Nxb2 21. Rb1 Rxc3 22. Rxb2 $14) 15... Rc8 16.
Nb3 Nf6 17. e4 exd5 (17... Qd7 18. dxe6 fxe6 19. Nd4 $14) 18. exd5 Qd7 19. Qd3
b5 20. h3 Bd8 21. g4 Bb6 22. Nd2 Rfe8 23. Nde4 Nxe4 24. Nxe4 Rxc1 25. Rxc1 h6 (
25... f5 $6 26. Ng5 Re3 27. Qxf5 Qxf5 28. gxf5 Kg8 29. Ne4 Bxd5 $2 30. Rc8+ $18
) 26. Rd1 Qc7 27. g5 $16 Bc8 (27... hxg5 $6 28. Nxg5 g6 29. Qg3 $16) 28. gxh6
g6 29. Qd2 $1 Bxh3 30. Rc1 Bxg2+ 31. Kxg2 Qa7 32. Nxd6 Be3 33. Qc3+ Bd4 34.
Nxf7+ Kg8 (34... Kh7 35. Ng5+ Kg8 36. Qc7 $16) 35. Qc7 Qxc7 36. Rxc7 Bxb2 37.
h7+ 1-0

[Event "Ordzhonikidze zt 1.9"]
[Site "Ordzhonikidze"]
[Date "2000.06.13"]
[Round "5"]
[White "Romanishin, Oleg M"]
[Black "Zubarev, Alexander2"]
[Result "1-0"]
[WhiteElo "2578"]
[BlackElo "2476"]
[Annotator "Engqvist"]
[PlyCount "85"]
[EventDate "2000.06.09"]
[EventType "swiss"]
[EventRounds "9"]
[EventCountry "UKR"]
[SourceTitle "CBM 078"]
[Source "ChessBase"]
[SourceDate "2000.10.18"]
[SourceVersion "1"]
[SourceVersionDate "2000.10.18"]
[SourceQuality "1"]

1. d4 Nf6 2. Nf3 e6 3. g3 b6 4. Bg2 Bb7 5. c4 Be7 6. Nc3 O-O 7. O-O Ne4 8. Bd2
f5 9. Qc2 ({A solid variation and less adventurous than} 9. d5) 9... Bf6 10.
Rad1 {[%cal Yd4d5]} Nxc3 11. Bxc3 Be4 {This is an interesting position, where
is the queen to move? White has tried all the playable responses.} 12. Qc1 $1 {
[%cal Yg2h3,Yf3d2,Ye2e4] Probably the best move. White is planning expansion
in the centre with Bh3, Nd2 and e4. The other moves 12.Qb3 or 12.Qa4 are more
provocative and 12.Qd2 has the slight disadvantage of disturbing the harmony
in White's position. After all, the queen on c1 is not in the way for its own
pieces. Compair with the queen on d2 which prevents Nd2.} (12. Qb3 a5 {[%cal
Ya5a4] Tisdall}) (12. Qa4 Qc8 $6 (12... d6 $142 $11) 13. Rd2 Qa6 14. Qxa6 Nxa6
15. Rc1 $14 {[%csl Ra6]} d6 16. b4 $6 (16. b3) (16. a4) 16... c6 $1 17. a4 b5 (
17... Nc7 18. c5) 18. axb5 (18. d5 $1 $13 {Skembris}) 18... cxb5 19. Ra2 Nc7
20. c5 Nd5 21. Be1 dxc5 22. Rxc5 (22. dxc5 a5 $1) 22... a6 $15 {
Skembris-Engqvist, Gausdal Troll Masters 1993}) (12. Qd2 {The second best
choice, now White cannot play Bh3 and Nd2 which is the most effective plan.} d6
13. Ne1 Bxg2 14. Nxg2 {[%cal Yd2c2,Ye2e4]} Qe7 $1 {It important to play the
Queenmove before the natural Knightmove.} (14... Nd7 15. Qc2 Qe7 16. e4 $14
fxe4 17. Qxe4 e5 18. dxe5 Bxe5 19. f4 Bf6 20. Qxe7 Bxe7 21. Ne3 Bf6 22. Nd5
Bxc3 23. Nxc3 $1 $14 {Tisdall-Engqvist, Gausdal Troll Master 1993} (23. bxc3
Nf6 24. Nxc7 Rac8 25. Nb5 Rxc4 26. Rxd6 Rc5 {[%csl Rc3]})) 15. Nf4 (15. Qc2 Qf7
$1 {This is the reason black has to play 14...Qe7 before 14...Nd7. After} 16.
e4 fxe4 17. Qxe4 {Black has the strong reply} d5 {for instance} 18. Qd3 Nc6 $11
{with pressure on the centre.}) 15... Nd7 16. d5 Bg5 17. dxe6 Bxf4 18. Qxf4
Qxe6 19. Rfe1 Nc5 {1/2 Karpov-Polugaevskij, Amsterdam 1981}) 12... d6 (12...
Qe8 {[%cal Ye8h5] is aimed at preventing 13.Bh3 but after} 13. Rfe1 {[%cal
Yg2f1,Yf3d2,Ye2e4]} Qh5 14. Bf1 {Black cannot hinder White's plan anyway.}) 13.
Ne1 ({Maybe Romanishin doesn't like} 13. Bh3 {because of Gulko's suggestion}
Nd7 $5 14. Nd2 Bb7 15. e4 c5 $1 $13 (15... Qe8)) (13. Rfe1) 13... Bxg2 14. Nxg2
Nd7 15. Qc2 {If White plans to exchange the centralized bishop in this manner
it doesn't matter if he plays 12.Qd2 or 12.Qc1 but 12.Qc1 is still more
flexible.} Re8 $146 (15... Qe7) 16. Nf4 {[%cal Yd4d5]} (16. e4 fxe4 17. Qxe4 e5
{[%csl Re4]}) 16... Bg5 17. e3 $14 {[%cal Yd4d5]} g6 ({The exchange} 17... Bxf4
{immediately without the weakening g6 looks better.}) 18. d5 Bxf4 19. exf4 Nf6
(19... e5 20. fxe5 dxe5 21. f4) 20. Rfe1 exd5 21. Rxe8+ Nxe8 22. cxd5 $16 {
[%csl Gc3,Rc7,Rg8][%cal Gc3h8] Black has problems both on the Kingswing and
the Queenswing.} Qd7 23. Rc1 a5 24. Qd3 Qf7 25. Qd4 {[%cal Rd4h8]} Kf8 26. Re1
Qg8 27. h3 {[%cal Yg3g4]} Rd8 28. g4 fxg4 29. hxg4 Rd7 30. Re3 Re7 31. Rg3 {
It is important to avoid the exchange of rooks.} Qg7 32. Qd2 Qh6 33. Qd4 Qg7
34. Qd3 Qf7 35. f5 $1 {[%csl Rf8]} gxf5 36. Rf3 Ng7 37. gxf5 {[%cal Rf5f6]} Nh5
38. f6 Re8 39. Qf5 Qg6+ 40. Kf1 Rd8 41. f7 $18 Ng7 42. Qf6 Qb1+ 43. Be1 1-0

[Event "Linares 11th"]
[Site "Linares"]
[Date "1993.??.??"]
[Round "1"]
[White "Karpov, Anatoly"]
[Black "Salov, Valery"]
[Result "1-0"]
[WhiteElo "2725"]
[BlackElo "2660"]
[Annotator "Ftacnik,L"]
[PlyCount "65"]
[EventDate "1993.02.??"]
[EventType "tourn"]
[EventRounds "13"]
[EventCountry "ESP"]
[EventCategory "18"]
[SourceTitle "CBM 034"]
[Source "ChessBase"]
[SourceDate "1993.06.01"]
[SourceVersion "1"]
[SourceVersionDate "1993.06.01"]
[SourceQuality "1"]

1. d4 {Anand} Nf6 2. c4 e6 3. Nf3 b6 4. g3 Bb7 5. Bg2 Be7 6. Nc3 Ne4 7. Bd2 Bf6
8. O-O O-O 9. Rc1 c5 10. d5 exd5 11. cxd5 Nxd2 12. Nxd2 d6 13. Nde4 Be7 (13...
Be5 $1 {Anand}) 14. f4 $1 Nd7 (14... Bc8 $1 {Anand has been tried here} 15. Nf2
a6 16. g4 b5 17. g5 Nd7 {At least the knight is not on e4}) 15. g4 a6 16. a4
Re8 (16... Nf6 17. Nf2 h6 18. h4 g5 19. hxg5 hxg5 20. e3 $16) 17. g5 Bf8 18.
Kh1 $1 $16 b5 $5 (18... g6 19. Bh3 $16) (18... Rb8 19. b3 $16) 19. axb5 axb5
20. Nxb5 Qb6 (20... Nb6 21. Nbc3 Nc4 22. Qd3 Ba6 (22... Nxb2 $2 23. Qb5 $18)
23. Qg3 {/\ 24.f5, g6}) 21. Nbc3 (21. Na3 Ba6 $1 $132) 21... Qb4 (21... Ba6 22.
Rf3 {/\ Rh3, Qe1-h4}) 22. Qd3 Nb6 23. Qg3 $1 Kh8 (23... Nxd5 24. Nxd5 Bxd5 25.
Nf6+ gxf6 26. gxf6+ Kh8 27. Bxd5 $18) 24. Rcd1 Nc4 (24... Na4 25. Rb1 $5) (
24... Bc8 25. f5 Re5 26. g6 Bxf5 27. Ng5 $1) 25. b3 $1 (25. f5 Ne5 $1) 25...
Nb6 26. g6 $1 (26. f5 Ra3 27. g6 f6 $1) 26... fxg6 (26... hxg6 27. Qh4+ Kg8 28.
Ng5 $18) (26... f6 27. gxh7 {/\ Nf6}) 27. f5 gxf5 28. Rxf5 Nd7 29. Rdf1 (29.
Nxd6 Bxd6 30. Qxd6 Qxc3 (30... Nf8 31. Qg3 Ng6 32. e4 $16) 31. Qxd7 Ba6 32.
Rdf1 Rg8 33. d6 Bxe2 $13) 29... Ne5 30. R5f4 (30. Ng5 Qg4 31. Rxe5 $6 Qxg3 32.
Rxe8 Qxg2+ $1 33. Kxg2 Rxe8 $13) 30... Qb6 (30... Ng6 31. Rg4 Bc8 32. Rxg6 hxg6
33. Qxg6 {/\ Ng5+-}) 31. Ng5 Ng6 (31... Be7 32. Nf7+ Nxf7 33. Rxf7 Bf8 34. Be4
Kg8 35. Bxh7+ Kxh7 36. Rg1 $18) 32. Nf7+ Kg8 33. Qxg6 $1 (33. Qxg6 $1 hxg6 34.
Rh4) 1-0